000 00646nam a2200193 a 4500
005 20140310183313.0
008 051019s19uu xx 00 eng d
020 _a1591402638
050 _aHF 5548.32 .El364 2004
100 _aAl-Qirim, Nabeel A.Y.
245 _aElectronic commerce in small to medium-sized enterprises :
_bframeworks, issues and implications /
_cNabeel A.Y. Al-Qirim.
260 _aHershey PA :
_bIdea Group Publishing,
_cc2004.
300 _axv, 370 p. ;
_c26 cm.
521 _aBSBA
650 _aElectronic commerce.
650 _aSmall business
_xTechnological innovations.
942 _cBK
_2lcc
_kFOR
999 _c21220
_d21220